| 000 | 00882cam a22002531 4500 | ||
|---|---|---|---|
| 001 | sa 66005809 | ||
| 003 | DLC | ||
| 005 | 20260227112252.0 | ||
| 008 | 900409s1963 ii ak 000 0 eng | ||
| 010 | _asa 66005809 | ||
| 025 | _aPL480:I-E-5635 | ||
| 035 | _a(OCoLC)21350830 | ||
| 040 |
_aDLC _cWaU _dWaU _dDLC |
||
| 042 | _apremarc | ||
| 043 | _aa-ii--- | ||
| 050 | 0 | 0 |
_aHN690.U8 _bL8 no. 312 |
| 110 | 1 |
_aUttar Pradesh (India). _bPlanning Research and Action Institute. |
|
| 245 | 1 | 0 | _aGuide to rural youth organization based on a pilot project. |
| 250 | _aRev. ed. | ||
| 260 |
_a[Lucknow] _bPlanning Research and Action Institute, Planning Dept., U. P. _c[1963] |
||
| 300 |
_a2, 92 p. _billus., forms. _c25 cm. |
||
| 410 | 1 | 0 |
_aUttar Pradesh (India). _bPlanning Research and Action Institute. _tP. R. A. I. pubication, _vno. 312 |
| 650 | 0 |
_aRural youth _zIndia _zUttar Pradesh. |
|
| 999 |
_c70158 _d70158 |
||